000 00293nam a2200109Ia 4500
008 200302s9999 xx 000 0 und d
100 _aAdam Mornement & other
245 _aInfill New Houses for Urban Sites
260 _bLaurence King Publishing Ltd. London
260 _c2009
300 _a240 P.,
999 _c3103
_d3103